Missing Word: Location Songs Quiz Stats

Quiz Updated Mar 5, 2016

Challenge
Share
Tweet
Embed
Score 0/20 Timer 02:00
0 Plays Today
Hint Missing Word % Correct
Viva Las _____Vegas
97.1%
Sweet Home _____Alabama
94.8%
_____ PieAmerican
91.2%
_____ GurlsCalifornia
79.5%
_____ HillsBeverly
74.6%
Back in the _____USSR
62.7%
_____ BridgeLondon
61.7%
Do You Know the Way to San _____Jose
55.4%
_____ Rock CityDetroit
49.2%
The Battle of New _____Orleans
47.5%
Hint Missing Word % Correct
No Sleep Till _____Brooklyn
44.4%
Istanbul (Not _____) Constantinople
39.1%
Shipping Up to _____Boston
31.6%
_____ RocksCleveland/England
28.9%
The Girl From _____Ipanema
28.6%
La _____Grange
17.7%
_____ by MorningAmarillo
12.2%
Bagpipes from _____Baghdad
9.9%
_____ UniteAfrica
5.4%
Stranger in _____Moscow
4.4%

Today's Daily Dose

You're not logged in!

Compare scores with friends on all Sporcle quizzes.
Sign Up with Email
OR
Log In

You Might Also Like...

Show Comments

Extras

Top Quizzes Today


Score Distribution

Your Account Isn't Verified!

In order to create a playlist on Sporcle, you need to verify the email address you used during registration. Go to your Sporcle Settings to finish the process.